000 00189 a2200097 4500
001 10728
100 _aARNOLD
245 _aVery qute war, A
260 _a
_bRupert
_c
090 _c8328
_d8328
942 _aNUST-CAE
_cM
_c35076
999 _c245801
_d245801